Szivacskő ; Bódhiszattva figyel ; Kezdet [versek] /
Elmentve itt :
| Szerző: | |
|---|---|
| Dokumentumtípus: | Cikk |
| Megjelent: |
2011
|
| Sorozat: | Tiszatáj
65 No. 1 |
| Kulcsszavak: | Magyar irodalom - vers |
| Online Access: | http://tiszataj.bibl.u-szeged.hu/20901 |
| LEADER | 00599nab a2200181 i 4500 | ||
|---|---|---|---|
| 001 | tisza20901 | ||
| 005 | 20200331093509.0 | ||
| 008 | 170401s2011 hu o 0|| hun d | ||
| 022 | |a 0133-1167 | ||
| 040 | |a SZTE Tiszatáj Archívum |b hun | ||
| 041 | |a hun | ||
| 100 | 1 | |a Turczi István | |
| 245 | 1 | 0 | |a Szivacskő ; Bódhiszattva figyel ; Kezdet |h [elektronikus dokumentum] : |b [versek] / |c Turczi István |
| 260 | |c 2011 | ||
| 300 | |a 48-49 | ||
| 490 | 0 | |a Tiszatáj |v 65 No. 1 | |
| 695 | |a Magyar irodalom - vers | ||
| 856 | 4 | 0 | |u http://tiszataj.bibl.u-szeged.hu/20901/1/tiszataj_2011_001_048-049.pdf |z Dokumentum-elérés |